书目信息 |
| 题名: |
建设工程技术与计量
|
|
| 作者: | 贾宏俊 主编 ;全国造价工程师职业资格考试培训教材编审委员会 编 | |
| 分册: | 土木建筑工程 | |
| 出版信息: | 北京 中国计划出版社 2025.05 |
|
| 页数: | 374页 | |
| 开本: | 26cm | |
| 丛书名: | ||
| 单 册: | ||
| 中图分类: | TU723.32 , TU723.32 | |
| 科图分类: | ||
| 主题词: | 建筑施工--技术--资格考试--教材 , 建筑工程--计量--资格考试--教材 , 土木工程--建筑造价管理--资格考试--教材 | |
| 电子资源: | ||
| ISBN: | 978-7-5182-1793-9 | |
| 000 | 01657nam0 2200313 450 | |
| 001 | 2553143973 | |
| 005 | 20251104145753.52 | |
| 010 | @a978-7-5182-1793-9@dCNY96.00 | |
| 096 | @aTU723@bjhj | |
| 100 | @a20250624d2025 em y0chiy50 ea | |
| 101 | 0 | @achi |
| 102 | @aCN@b110000 | |
| 105 | @aa z 000yy | |
| 200 | 1 | @a建设工程技术与计量@9jian she gong cheng ji shu yu ji liang@i土木建筑工程@e2025年版@f全国造价工程师职业资格考试培训教材编审委员会编 |
| 205 | @a4版 | |
| 210 | @a北京@c中国计划出版社@d2025.05 | |
| 215 | @a374页@c图@d26cm | |
| 300 | @a全国一级造价工程师职业资格考试培训教材 | |
| 330 | @a本书分为五章:工程地质、工程构造、工程材料、工程施工技术、工程计量。工程地质部分,包括岩体的特征,地下水的类型与特征,常见工程地质问题及其处理方放,工程地质对工程建设的影响等内容。工程构造部分,包括工业明勇建筑工程的分类组成及应用,道路、桥梁、涵洞工程的分类,地下工程的分类组成及构造等内容。工程材料部分,包括建筑结构材料,建筑装饰材料,建筑功能材料等内容。工程施工技术部分,包括建筑工程施工技术,道路、桥梁与涵洞工程施工技术,地下工程施工技术等内容。工程计量部分,包括工程计量的基本原理与方法,建筑面积计算,工程量计算规则与方法等内容。 | |
| 503 | @n河南城建学院图书馆 | |
| 606 | 0 | @a建筑施工@x技术@x资格考试@j教材 |
| 606 | 0 | @a建筑工程@x计量@x资格考试@j教材 |
| 606 | 0 | @a土木工程@x建筑造价管理@x资格考试@j教材 |
| 690 | @aTU723.32@v5 | |
| 690 | @aTU723.32@v4 | |
| 701 | 0 | @a贾宏俊@9jia hong jun@4主编 |
| 712 | 02 | @a全国造价工程师职业资格考试培训教材编审委员会@9quan guo zao jia gong cheng shi zhi ye zi ge kao shi pei xun jiao cai bian shen wei yuan hui@4编 |
| 801 | 0 | @aCN@bMuseLib.NET@c20250624 |
| 905 | @aZUCC@dTU723.32@eQ2401 | |
| 建设工程技术与计量.土木建筑工程:2025年版/全国造价工程师职业资格考试培训教材编审委员会编.-4版.-北京:中国计划出版社,2025.05 |
| 374页:图;26cm |
| 全国一级造价工程师职业资格考试培训教材 |
| ISBN 978-7-5182-1793-9:CNY96.00 |
| 本书分为五章:工程地质、工程构造、工程材料、工程施工技术、工程计量。工程地质部分,包括岩体的特征,地下水的类型与特征,常见工程地质问题及其处理方放,工程地质对工程建设的影响等内容。工程构造部分,包括工业明勇建筑工程的分类组成及应用,道路、桥梁、涵洞工程的分类,地下工程的分类组成及构造等内容。工程材料部分,包括建筑结构材料,建筑装饰材料,建筑功能材料等内容。工程施工技术部分,包括建筑工程施工技术,道路、桥梁与涵洞工程施工技术,地下工程施工技术等内容。工程计量部分,包括工程计量的基本原理与方法,建筑面积计算,工程量计算规则与方法等内容。 |
| ● |
| 相关链接 |
|
|
|
正题名:建设工程技术与计量
索取号:TU723.32/Q2401
 
预约/预借
| 序号 | 登录号 | 条形码 | 馆藏地/架位号 | 状态 | 备注 |
| 1 | 1555718 | 215557181 | 建筑库101/ [索取号:TU723.32/Q2401] | 在馆 | |
| 2 | 1555719 | 215557190 | 建筑库101/ [索取号:TU723.32/Q2401] | 在馆 | |
| 3 | 1555720 | 215557207 | 建筑库101/ [索取号:TU723.32/Q2401] | 在馆 | |
| 4 | 1555721 | 215557216 | 建筑库101/ [索取号:TU723.32/Q2401] | 在馆 | |
| 5 | 1555722 | 215557225 | 建筑库101/ [索取号:TU723.32/Q2401] | 在馆 |